LIBRARY & INFORMATION CENTRE, KCAET, TAVANUR

ONLINE PUBLIC ACCESS CATALOGUE (OPAC)

Climate Change Impact on Operation Policy and Performance Indices of a Reservoir using Machine Learning Techniques (Record no. 19524)

MARC details
000 -LEADER
fixed length control field 00479nam a22001577a 4500
003 - CONTROL NUMBER IDENTIFIER
control field OSt
082 ## - DEWEY DECIMAL CLASSIFICATION NUMBER
Classification number 631.56
Item number VIN/CL
088 ## - REPORT NUMBER
Report number T 667
100 ## - MAIN ENTRY--AUTHOR NAME
Personal name Vinnakota Yesubabu
245 ## - TITLE STATEMENT
Title Climate Change Impact on Operation Policy and Performance Indices of a Reservoir using Machine Learning Techniques
260 ## - PUBLICATION, DISTRIBUTION, ETC. (IMPRINT)
Place of publication Tavanur
Name of publisher Department of Soil and Water Conservation Engineering
Year of publication 2025
300 ## - PHYSICAL DESCRIPTION
Number of Pages 193
700 ## - ADDED ENTRY--PERSONAL NAME
Personal name Anu Varghese
942 ## - ADDED ENTRY ELEMENTS (KOHA)
Koha item type Theses
Holdings
Home library Current library Full call number Accession Number Koha item type
KAUAET KAUAET 631.56 VIN/CL T 667 Theses
free website counter